Diseǫ de Cadenas de Suministros Resilientes

Detalles Bibliográficos
Autor principal: Santander Mercado, Alcides
Otros Autores: Amaya Leal, Johanna, Viloria Nę︢z, Cšar
Formato: eBook
Lenguaje:español
Publicado: Bogot:̀ Ediciones de la U, 2014
Materias:
Acceso en línea:Acceso restringido

MARC

LEADER 00000nam a22000007a 4500
005 20220920220357.0
007 cr|||| ||||
008 220920s2014 co |||||s|||| 00||0 spa d
020 |a 978-958-741-442-4 
035 |a 37227 
040 |a vLex 
090 |c 13983  |d 13983 
100 1 |a Santander Mercado, Alcides 
245 1 0 |a Diseǫ de Cadenas de Suministros Resilientes  |h [Recurso electrn̤ico] /  |c Alcides Santander Mercado, Johanna Amaya Leal 
256 |a Servicio en ln̕ea 
260 |a Bogot:̀  |b Ediciones de la U,  |c 2014 
300 |a 1 recurso electrn̤ico 
506 1 |a Disponible solo en los productos indicados  |d vLex Global  |d vLex Global (Academic Edition, excluding Law Schools)  |d vLex Global (U.S. Academic Edition, Law Schools)  |d vLex Global (U.S. Academic Edition, excluding Law Schools)  |d vLex Global (Academic Edition, Law Schools) 
650 0 4 |a Economa̕ y negocios  |z Colombia 
700 1 |a Amaya Leal, Johanna 
700 1 |a Viloria Nę︢z, Cšar 
740 0 |a vLex Libros (Servicio en ln̕ea) 
856 4 0 |u https://app.vlex.com/#/sources/37227  |z Acceso restringido 
942 |c BOOK 
999 0 |a Economy and business